| 000 | 00946 a2200253 4500 | ||
|---|---|---|---|
| 003 | CBULib | ||
| 005 | 20240118072137.0 | ||
| 008 | 240118b |||||||| |||| 00| 0 eng d | ||
| 040 |
_bEnglish _cCBULib _erda |
||
| 041 | _aeng | ||
| 050 | _aCBU-PG THESIS/SIB | ||
| 100 |
_aSibinda, Nicholas _91751 |
||
| 245 |
_aThe impact of PHET interactive simulations and PowerPoint presentations slide show visualization on learning balancing of chemical equations among grade 10 pupils at Mulambwa secondary school _c/ by Nicholas Sibinda |
||
| 260 |
_bCopperbelt University, _c2021 _aKitwe : |
||
| 300 | _aix, 76 pages | ||
| 336 |
_2rdacontent _aText | _btxt |
||
| 337 |
_2rdamedia _aUnmediated | _bn |
||
| 338 |
_2rdacarrier _aVolume _bnc |
||
| 500 | _aIncludes bibliographical references and appendices | ||
| 650 | 0 |
_91752 _aPOWER POINT PRESENTATIONS |
|
| 650 | 0 |
_91737 _aCOMPUTER SIMULATIONS |
|
| 650 | 0 |
_91753 _aCHEMICAL EQUATIONS |
|
| 942 |
_2lcc _c030 |
||
| 999 |
_c84009 _d84009 |
||